[Event "Uljanovsk Cup"]
[Site "Uljanovsk"]
[Date "2009.12.06"]
[Round "3"]
[White "Sidorov, Gennady"]
[Black "Sanatullin, Rinat"]
[Result "1/2-1/2"]
[WhiteElo "1908"]
[BlackElo "2207"]
[PlyCount "33"]
[EventDate "2009.12.05"]
[EventType "swiss"]
[EventRounds "9"]
[EventCountry "RUS"]
[SourceTitle "EXT 2012"]
[Source "ChessBase"]
[SourceDate "2011.11.24"]
[SourceVersion "1"]
[SourceVersionDate "2011.11.24"]
[SourceQuality "1"]

1. e4 d6 2. d4 Nf6 3. Nc3 g6 4. Nf3 Bg7 5. h3 0-0 6. Be3 Nc6 7. Qd2 e5 8. dxe5 dxe5 9. Qxd8 Rxd8 10. Bc4 Ne8 11. 0-0 Nd6 12. Bb3 Nd4 13. Nd2 c6 14. Rad1 b6 15. Bg5 Re8 16. f4 Be6 17. Nf3 1/2-1/2

[Event "Uljanovsk Cup"]
[Site "Uljanovsk"]
[Date "2009.12.05"]
[Round "1"]
[White "Usachev, Andrey"]
[Black "Sanatullin, Rinat"]
[Result "1/2-1/2"]
[WhiteElo "1834"]
[BlackElo "2207"]
[PlyCount "136"]
[EventDate "2009.12.05"]
[EventType "swiss"]
[EventRounds "9"]
[EventCountry "RUS"]
[SourceTitle "EXT 2012"]
[Source "ChessBase"]
[SourceDate "2011.11.24"]
[SourceVersion "1"]
[SourceVersionDate "2011.11.24"]
[SourceQuality "1"]

1. d4 Nf6 2. c4 e6 3. Nc3 Bb4 4. Nf3 0-0 5. Bg5 h6 6. Bd2 c5 7. e3 cxd4 8. exd4 d5 9. cxd5 exd5 10. Be2 Nc6 11. 0-0 Re8 12. a3 Bd6 13. Qc1 Bg4 14. Be3 Rc8 15. Qd1 Na5 16. h3 Bf5 17. Re1 Nc4 18. Bxc4 dxc4 19. Qa4 a6 20. Rac1 Bd7 21. Qc2 Bc6 22. Nd2 b5 23. Nf1 Nd5 24. Bd2 Qf6 25. Ne4 Qg6 26. Nxd6 Qxd6 27. Qf5 Bd7 28. Qf3 Nf6 29. Be3 Bc6 30. Qg3 Qxg3 31. Nxg3 Rcd8 32. a4 Nd5 33. Bd2 Rxe1+ 34. Bxe1 Nf4 35. axb5 axb5 36. f3 Nd3 37. Rb1 Rxd4 38. Bc3 Rd7 39. Nf5 f6 40. Nd4 Rc7 41. Nc2 Bd7 42. Ra1 Kf7 43. Ra8 Be8 44. Rb8 Ra7 45. Nd4 Nf4 46. Kf2 Nd5 47. Nxb5 Bxb5 48. Rxb5 Nxc3 49. bxc3 Ra3 50. h4 Rxc3 51. h5 Rc1 52. Rb7+ Kg8 53. Rb8+ Kh7 54. Rc8 c3 55. Rc7 Kg8 56. Ke3 c2 57. Kd3 Rh1 58. Rxc2 Rxh5 59. Ke3 Ra5 60. Rc7 Kh7 61. Kf4 h5 62. Rc1 Kh6 63. Rh1 g5+ 64. Kg3 f5 65. Rc1 h4+ 66. Kh3 Kh5 67. Rc8 g4+ 68. fxg4+ fxg4+ 1/2-1/2

[Event "Uljanovsk op"]
[Site "Uljanovsk"]
[Date "2009.08.29"]
[Round "8"]
[White "Alachihin, Vladimir"]
[Black "Sanatullin, Rinat"]
[Result "1/2-1/2"]
[WhiteElo "2201"]
[BlackElo "2197"]
[PlyCount "105"]
[EventDate "2009.08.26"]
[EventType "swiss"]
[EventRounds "9"]
[EventCountry "RUS"]
[SourceTitle "CBM 132 Extra"]
[Source "ChessBase"]
[SourceDate "2009.11.03"]
[SourceVersion "1"]
[SourceVersionDate "2009.11.03"]
[SourceQuality "1"]

1. d4 Nf6 2. g3 d5 3. Bg2 c6 4. Nf3 Bf5 5. 0-0 e6 6. c4 Nbd7 7. Nc3 Bd6 8. Nh4 Bg6 9. Nxg6 hxg6 10. e4 dxe4 11. Nxe4 Nxe4 12. Bxe4 0-0 13. Bg2 e5 14. d5 c5 15. Bd2 f5 16. Bc3 Qc7 17. Qd2 Rae8 18. Rae1 Re7 19. Qg5 Kh7 20. Qh4+ Kg8 21. Qg5 Kh7 22. Re2 Qd8 23. Rfe1 Rfe8 24. f3 Rf7 25. Qd2 b6 26. Rf2 Rfe7 27. Qc2 Nf6 28. Bf1 e4 29. fxe4 Nxe4 30. Rfe2 Nxc3 31. Qxc3 Rxe2 32. Rxe2 Rxe2 33. Bxe2 Qe7 34. Bd3 Be5 35. Qd2 Bxb2 36. Qe2 Qxe2 37. Bxe2 Be5 38. Kg2 Kh6 39. Bd3 Kg5 40. Kf3 Bd6 41. h3 Kf6 42. Bc2 Ke5 43. Ke3 g5 44. g4 f4+ 45. Kd3 f3 46. Ke3 f2 47. Bd3 b5 48. cxb5 Kxd5 49. Kxf2 Kd4 50. Ke2 c4 51. Bg6 Bb4 52. Kd1 Ke3 53. Kc2 1/2-1/2

[Event "Uljanovsk op"]
[Site "Uljanovsk"]
[Date "2009.08.28"]
[Round "6"]
[White "Mukhin, Alexander"]
[Black "Sanatullin, Rinat"]
[Result "1/2-1/2"]
[WhiteElo "2178"]
[BlackElo "2197"]
[PlyCount "26"]
[EventDate "2009.08.26"]
[EventType "swiss"]
[EventRounds "9"]
[EventCountry "RUS"]
[SourceTitle "CBM 132 Extra"]
[Source "ChessBase"]
[SourceDate "2009.11.03"]
[SourceVersion "1"]
[SourceVersionDate "2009.11.03"]
[SourceQuality "1"]

1. e4 d6 2. d4 Nf6 3. Nc3 g6 4. f4 Bg7 5. Nf3 0-0 6. Be2 Nc6 7. e5 dxe5 8. dxe5 Qxd1+ 9. Bxd1 Ne8 10. 0-0 f6 11. Re1 fxe5 12. fxe5 Bg4 13. Bg5 Rf5 1/2-1/2

[Event "Uljanovsk op"]
[Site "Uljanovsk"]
[Date "2009.08.26"]
[Round "2"]
[White "Alexeev, Alexandr Mikh"]
[Black "Sanatullin, Rinat"]
[Result "0-1"]
[WhiteElo "2050"]
[BlackElo "2197"]
[PlyCount "74"]
[EventDate "2009.08.26"]
[EventType "swiss"]
[EventRounds "9"]
[EventCountry "RUS"]
[SourceTitle "CBM 132 Extra"]
[Source "ChessBase"]
[SourceDate "2009.11.03"]
[SourceVersion "1"]
[SourceVersionDate "2009.11.03"]
[SourceQuality "1"]

1. e4 d6 2. d4 Nf6 3. Nc3 g6 4. Be2 Bg7 5. Be3 Nc6 6. f4 e5 7. fxe5 dxe5 8. d5 Ne7 9. Nf3 0-0 10. Bc5 Ne8 11. 0-0 Nd6 12. Qe1 Bd7 13. Qg3 f6 14. Rad1 Kh8 15. h4 Qe8 16. Bd3 h6 17. b3 Ng8 18. Bc4 b6 19. Bxd6 cxd6 20. Bd3 h5 21. a4 a6 22. Qf2 Qd8 23. Qe2 Qc8 24. Na2 Nh6 25. Ra1 Ng4 26. Nh2 Bh6 27. Nxg4 Bxg4 28. Qe1 f5 29. Nb4 f4 30. Nc6 Bd7 31. Qc3 f3 32. Rxf3 Rxf3 33. gxf3 Qf8 34. Bf1 Qf6 35. Qe1 Qxf3 36. Bg2 Be3+ 37. Kh1 Qf4 0-1

[Event "Uljanovsk"]
[Site "Uljanovsk"]
[Date "2009.01.08"]
[Round "10"]
[White "Nikiforov, Alexander"]
[Black "Sanatullin, Rinat"]
[Result "0-1"]
[WhiteElo "1827"]
[BlackElo "2197"]
[PlyCount "64"]
[EventDate "2009.01.02"]
[EventType "tourn"]
[EventRounds "15"]
[EventCountry "RUS"]
[SourceTitle "EXT 2012"]
[Source "ChessBase"]
[SourceDate "2011.11.24"]
[SourceVersion "1"]
[SourceVersionDate "2011.11.24"]
[SourceQuality "1"]

1. e4 d6 2. d4 Nf6 3. Nc3 g6 4. Bd3 Nc6 5. Nge2 Bg7 6. h3 Nb4 7. Bc4 c6 8. a3 d5 9. Bb3 Na6 10. e5 Nd7 11. Nf4 e6 12. Nce2 c5 13. c3 Nb6 14. Be3 cxd4 15. cxd4 Bd7 16. Rc1 Rc8 17. Rxc8 Qxc8 18. 0-0 0-0 19. h4 Bb5 20. h5 Qd7 21. Nd3 Rc8 22. Nc3 Nc4 23. Nxb5 Qxb5 24. Bc1 Nb8 25. Nc5 Qc6 26. hxg6 hxg6 27. g3 Nd7 28. Nxd7 Qxd7 29. Ba4 b5 30. Bb3 Qc6 31. Qg4 Na5 32. Bd1 Qxc1 0-1

[Event "Uljanovsk"]
[Site "Uljanovsk"]
[Date "2009.01.06"]
[Round "8"]
[White "Filonov, Konstantin"]
[Black "Sanatullin, Rinat"]
[Result "0-1"]
[WhiteElo "1882"]
[BlackElo "2197"]
[PlyCount "76"]
[EventDate "2009.01.02"]
[EventType "tourn"]
[EventRounds "15"]
[EventCountry "RUS"]
[SourceTitle "EXT 2012"]
[Source "ChessBase"]
[SourceDate "2011.11.24"]
[SourceVersion "1"]
[SourceVersionDate "2011.11.24"]
[SourceQuality "1"]

1. d4 Nf6 2. c4 e6 3. Nf3 b6 4. g3 Ba6 5. Qc2 c5 6. Bg2 Nc6 7. dxc5 Bxc5 8. a3 Rc8 9. e3 Be7 10. b4 0-0 11. 0-0 Nb8 12. Nbd2 d5 13. Rd1 dxc4 14. Bb2 c3 15. Bxc3 Nd5 16. Nb1 Qc7 17. Rc1 Bf6 18. Nd4 Rfd8 19. Qb2 Bxd4 20. exd4 Qd7 21. Bd2 Rxc1+ 22. Qxc1 Rc8 23. Qb2 Bb7 24. Bf1 Nc6 25. Be3 Nce7 26. Nd2 Nf5 27. Nc4 Ndxe3 28. Nxe3 Nxd4 29. Bg2 Bxg2 30. Kxg2 Rc2 31. Qb1 Ne2 32. Kh1 Rc1+ 33. Qxc1 Nxc1 34. Rxc1 g6 35. Kg2 Qd3 36. Rc8+ Kg7 37. a4 Qe4+ 38. Kg1 Qxb4 0-1

[Event "Uljanovsk"]
[Site "Uljanovsk"]
[Date "2009.01.04"]
[Round "2"]
[White "Trushnikov, Viacheslav"]
[Black "Sanatullin, Rinat"]
[Result "0-1"]
[WhiteElo "1989"]
[BlackElo "2197"]
[PlyCount "56"]
[EventDate "2009.01.02"]
[EventType "tourn"]
[EventRounds "15"]
[EventCountry "RUS"]
[SourceTitle "EXT 2012"]
[Source "ChessBase"]
[SourceDate "2011.11.24"]
[SourceVersion "1"]
[SourceVersionDate "2011.11.24"]
[SourceQuality "1"]

1. d4 Nf6 2. c4 e6 3. Nf3 b6 4. g3 Ba6 5. b3 Bb4+ 6. Bd2 Be7 7. Nc3 Bb7 8. Qc2 Nc6 9. a3 Nxd4 10. Nxd4 Bxh1 11. f3 c5 12. Nxe6 dxe6 13. Rd1 Qc8 14. Kf2 h5 15. Bh3 Bxf3 16. exf3 h4 17. g4 Qc7 18. Kg1 Bd6 19. Bg5 a6 20. Qf2 Be5 21. Ne2 Rd8 22. Re1 Rd3 23. Bxf6 Bxf6 24. Bg2 Qd6 25. f4 Bd4 26. Nxd4 Qxd4 27. f5 Rd1 28. Bc6+ Ke7 0-1

[Event "Uljanovsk Zavolje"]
[Site "Uljanovsk"]
[Date "2009.??.??"]
[Round "14"]
[White "Sanatullin, Rinat"]
[Black "Nikonova, Irina"]
[Result "1-0"]
[WhiteElo "2205"]
[BlackElo "1980"]
[PlyCount "63"]
[EventDate "2009.??.??"]
[EventType "tourn"]
[EventRounds "15"]
[EventCountry "RUS"]
[SourceTitle "EXT 2011"]
[Source "ChessBase"]
[SourceDate "2010.11.26"]
[SourceVersion "1"]
[SourceVersionDate "2010.11.26"]
[SourceQuality "1"]

1. d4 f5 2. g3 Nf6 3. Bg2 e6 4. Nf3 Be7 5. 0-0 0-0 6. c4 d5 7. Nbd2 b6 8. Qc2 Bb7 9. cxd5 Bxd5 10. Nc4 c5 11. Ne3 Nc6 12. Nxd5 Nxd5 13. dxc5 Bxc5 14. e4 Ncb4 15. Qe2 Nc7 16. Bf4 Rc8 17. Rad1 Qe8 18. a3 Nc6 19. b4 e5 20. Nxe5 Nxe5 21. bxc5 bxc5 22. exf5 Rxf5 23. Bh3 Rxf4 24. gxf4 Nf7 25. Qxe8+ Rxe8 26. Rd7 Nb5 27. Rc1 Nd4 28. Rxc5 Ne2+ 29. Kf1 Nxf4 30. Rf5 Nxh3 31. Rfxf7 g5 32. Rg7+ 1-0

[Event "Uljanovsk Zavolje"]
[Site "Uljanovsk"]
[Date "2009.??.??"]
[Round "1"]
[White "Sanatullin, Rinat"]
[Black "Petrosian, Karlen"]
[Result "1/2-1/2"]
[WhiteElo "2205"]
[BlackElo "2335"]
[PlyCount "25"]
[EventDate "2009.??.??"]
[EventType "tourn"]
[EventRounds "15"]
[EventCountry "RUS"]
[SourceTitle "EXT 2011"]
[Source "ChessBase"]
[SourceDate "2010.11.26"]
[SourceVersion "1"]
[SourceVersionDate "2010.11.26"]
[SourceQuality "1"]

1. d4 Nf6 2. c4 e6 3. Nf3 b6 4. g3 Ba6 5. Nbd2 c6 6. e4 d5 7. cxd5 Bxf1 8. Kxf1 cxd5 9. e5 Nfd7 10. Kg2 Be7 11. Nf1 0-0 12. h4 Nc6 13. Bg5 1/2-1/2

[Event "Uljanovsk Zavolje"]
[Site "Uljanovsk"]
[Date "2009.??.??"]
[Round "2"]
[White "Zhdanov, Eduard"]
[Black "Sanatullin, Rinat"]
[Result "1-0"]
[WhiteElo "2030"]
[BlackElo "2205"]
[PlyCount "68"]
[EventDate "2009.??.??"]
[EventType "tourn"]
[EventRounds "15"]
[EventCountry "RUS"]
[SourceTitle "EXT 2011"]
[Source "ChessBase"]
[SourceDate "2010.11.26"]
[SourceVersion "1"]
[SourceVersionDate "2010.11.26"]
[SourceQuality "1"]

1. Nf3 Nf6 2. d4 e6 3. e3 b6 4. g3 Bb7 5. Bg2 Be7 6. 0-0 0-0 7. Re1 c5 8. b3 d5 9. Bb2 Nc6 10. Nbd2 Rc8 11. a3 Qc7 12. Qe2 cxd4 13. exd4 Na5 14. Rac1 Bd6 15. Ne5 Rfd8 16. Qd3 Qe7 17. Nb1 Rc7 18. f3 Rdc8 19. Bh3 Qd8 20. Bf1 Nc6 21. Nxc6 Rxc6 22. Qd2 Qc7 23. Bd3 Qd8 24. Qg2 Bf8 25. Rcd1 Ne8 26. Qf2 Nc7 27. Qf1 a5 28. Bc1 Ra8 29. Bf4 Qc8 30. Rd2 Ba6 31. Bxa6 Qxa6 32. Ree2 a4 33. b4 Bxb4 34. axb4 a3 1-0

[Event "Uljanovsk Zavolje Rating"]
[Site "Uljanovsk"]
[Date "2007.12.31"]
[Round "13"]
[White "Sanatullin, Rinat"]
[Black "Trushnikov, Viacheslav"]
[Result "1/2-1/2"]
[WhiteElo "2203"]
[BlackElo "2039"]
[PlyCount "77"]
[EventDate "2007.12.21"]
[EventType "tourn"]
[EventRounds "13"]
[EventCountry "RUS"]
[SourceTitle "EXT 2022"]
[Source "ChessBase"]
[SourceDate "2021.10.06"]
[SourceVersion "1"]
[SourceVersionDate "2021.10.06"]
[SourceQuality "1"]

1. d4 Nf6 2. c4 g6 3. g3 Bg7 4. Bg2 0-0 5. Nc3 d6 6. Nf3 Nc6 7. 0-0 a6 8. d5 Na5 9. Nd2 c5 10. Qc2 Bd7 11. b3 b5 12. Rb1 bxc4 13. bxc4 Qc7 14. Bb2 Rab8 15. Rfc1 Bf5 16. e4 Bd7 17. Nd1 Ng4 18. Bxg7 Kxg7 19. Qc3+ f6 20. f4 Nh6 21. Ne3 Rfc8 22. Nf3 Nf7 23. Re1 Nb7 24. Nf1 Qa5 25. Qa1 Bg4 26. N3d2 Nbd8 27. h3 Bd7 28. Nf3 Rxb1 29. Rxb1 e5 30. dxe6 Bxe6 31. Ne3 Nc6 32. g4 Rb8 33. Rxb8 Nxb8 34. g5 Qd8 35. Qb2 Kg8 36. gxf6 Nc6 37. Ng5 Nxg5 38. fxg5 Ne5 39. Qb7 1/2-1/2

[Event "Uljanovsk-ch"]
[Site "Uljanovsk"]
[Date "2007.03.14"]
[Round "5"]
[White "Sanatullin, Rinat"]
[Black "Alekseev, Evgeni"]
[Result "0-1"]
[WhiteElo "2184"]
[BlackElo "2133"]
[PlyCount "84"]
[EventDate "2007.03.10"]
[EventType "tourn"]
[EventRounds "11"]
[EventCountry "RUS"]
[SourceTitle "EXT 2008"]
[Source "ChessBase"]
[SourceDate "2007.11.25"]
[SourceVersion "1"]
[SourceVersionDate "2007.11.25"]
[SourceQuality "1"]

1. c4 e5 2. Nc3 Bb4 3. Qc2 Nf6 4. Nf3 Nc6 5. a3 Bxc3 6. Qxc3 d6 7. e3 e4 8. Nd4 Nxd4 9. Qxd4 0-0 10. Be2 c5 11. Qc3 Bg4 12. f3 Bh5 13. b3 d5 14. Bb2 d4 15. exd4 exf3 16. gxf3 Re8 17. Kd1 Qe7 18. Re1 cxd4 19. Qxd4 Rad8 20. Qf2 Qd6 21. Bc3 Qf4 22. Qg3 Qf5 23. Rc1 Re3 24. h4 Rxc3 25. Rxc3 Qb1+ 26. Rc1 Qxb3+ 27. Rc2 Bg6 28. d3 Bxd3 29. Bxd3 Rxd3+ 30. Kc1 Qxa3+ 31. Rb2 h6 32. Kb1 Rb3 33. Ree2 Rxf3 34. Qb8+ Kh7 35. Qxb7 Qd3+ 36. Rbc2 a5 37. Red2 Qa3 38. Rb2 Rf1+ 39. Kc2 Rf4 40. Qb3 Qc5 41. Qd3+ g6 42. Rb5 Rxc4+ 0-1

[Event "Uljanovsk-ch sf"]
[Site "Uljanovsk"]
[Date "2007.02.16"]
[Round "7"]
[White "Sanatullin, Rinat"]
[Black "Alekseev, Evgeni"]
[Result "1/2-1/2"]
[WhiteElo "2184"]
[BlackElo "2133"]
[PlyCount "24"]
[EventDate "2007.02.10"]
[EventType "swiss"]
[EventRounds "9"]
[EventCountry "RUS"]
[SourceTitle "EXT 2019"]
[Source "ChessBase"]
[SourceDate "2018.10.10"]
[SourceVersion "1"]
[SourceVersionDate "2018.10.10"]
[SourceQuality "1"]

1. d4 Nf6 2. c4 e6 3. Nf3 d5 4. Nc3 Nbd7 5. Bf4 c6 6. e3 Be7 7. h3 0-0 8. c5 a5 9. a3 b5 10. Bd3 h6 11. 0-0 Ne8 12. b4 f5 1/2-1/2